<?xml version="1.0" encoding="UTF-8"?>
<record
    xmlns:xsi="http://www.w3.org/2001/XMLSchema-instance"
    xsi:schemaLocation="http://www.loc.gov/MARC21/slim http://www.loc.gov/standards/marcxml/schema/MARC21slim.xsd"
    xmlns="http://www.loc.gov/MARC21/slim">

  <leader>00868cam8a220022900 4500</leader>
  <controlfield tag="001">qce00443330</controlfield>
  <controlfield tag="005">20190826090349.0</controlfield>
  <controlfield tag="008">720728s1957    onc                 eng u</controlfield>
  <datafield tag="010" ind1=" " ind2=" ">
    <subfield code="a">   59020696</subfield>
  </datafield>
  <datafield tag="035" ind1=" " ind2=" ">
    <subfield code="a">(Sirsi) r16557</subfield>
  </datafield>
  <datafield tag="035" ind1=" " ind2=" ">
    <subfield code="a">(QCAT)lss00260646</subfield>
  </datafield>
  <datafield tag="035" ind1=" " ind2=" ">
    <subfield code="a">(UPRA)qce00443330</subfield>
  </datafield>
  <datafield tag="040" ind1=" " ind2=" ">
    <subfield code="d">UPRA</subfield>
  </datafield>
  <datafield tag="245" ind1="0" ind2="4">
    <subfield code="a">The Book of Canadian poetry :</subfield>
    <subfield code="b">A critical and historical anthology. Edited with an introduction and notes by A.J.M. Smith.</subfield>
  </datafield>
  <datafield tag="250" ind1=" " ind2=" ">
    <subfield code="a">3rd ed., rev. and enl.</subfield>
  </datafield>
  <datafield tag="260" ind1=" " ind2=" ">
    <subfield code="a">Toronto :</subfield>
    <subfield code="b">W.J. Gage,</subfield>
    <subfield code="c">[c1957]</subfield>
  </datafield>
  <datafield tag="504" ind1=" " ind2=" ">
    <subfield code="a">Bibliography: p. 505-521.</subfield>
  </datafield>
  <datafield tag="650" ind1=" " ind2="0">
    <subfield code="a">Canadian poetry.</subfield>
    <subfield code="6">S6929.1</subfield>
  </datafield>
  <datafield tag="700" ind1="1" ind2=" ">
    <subfield code="a">Smith, A. J. M. (Arthur James Marshall), 1902-</subfield>
    <subfield code="q">Smith, A. J. M. (Arthur James Marshall), 1902-</subfield>
    <subfield code="d">Smith, A. J. M. (Arthur James Marshall), 1902-</subfield>
    <subfield code="6">A63031.1</subfield>
  </datafield>
  <datafield tag="949" ind1=" " ind2=" ">
    <subfield code="a">PR9195.25</subfield>
    <subfield code="w">lcc</subfield>
    <subfield code="i">-11557</subfield>
    <subfield code="m">MAIN</subfield>
    <subfield code="t">BOOK</subfield>
    <subfield code="l">ON-SHELF</subfield>
  </datafield>
  <controlfield tag="004">16557</controlfield>
  <datafield tag="999" ind1=" " ind2=" ">
    <subfield code="c">159008</subfield>
    <subfield code="d">159007</subfield>
  </datafield>
</record>
